Biggest Far Eastern Russian Cities - Statistics

General Stats
  • This quiz has been taken 112 times
  • The average score is 8 of 16
Answer Stats
Population Answer Federal Subject % Correct
604,602 Vladivostok Primorsky Krai
95%
299,169 Yakutsk Sakha Republic
77%
607,216 Khabarovsk Khabarovsk Krai
76%
92,974 Magadan Magadan Oblast
75%
181,015 Petropavlovsk-Kamchatsky Kamchatka Krai
70%
192,780 Yuzhno-Sakhalinsk Sakhalin Oblast
62%
253,030 Komsomolsk-on-Amur Khabarovsk Krai
54%
224,192 Blagoveshchensk Amur Oblast
49%
155,722 Nakhodka Primorsky Krai
43%
74,777 Birobidzhan Jewish Autonomous Oblast
42%
168,137 Ussuriysk Primorsky Krai
36%
103,925 Artyom Primorsky Krai
32%
58,133 Neryungri Sakha Republic
20%
67,216 Belogorsk Amur Oblast
18%
55,159 Svobodny Amur Oblast
14%
53,543 Arsenyev Primorsky Krai
11%
No matching quizzes found
Score Distribution
Percent of People with Each Score
Percentile by Number Answered
Your Score History
You have not taken this quiz